000 00414nam a22001337a 4500
005 20260316153146.0
008 260316b |||||||| |||| 00| 0 eng d
100 _aAshlin Mathew P. M.
245 _aStatistical analysis of panel count data with multiple modes of recurrence
260 _aKochi
_bDepartment of Statistics, CUSAT
_c2025
300 _aviii,135p.
700 _aGuided by P. G. Sankaran
942 _cOO
999 _c115955
_d115954